Tecnología del procesado de los alimentos: principios y prácticas

Guardat en:
Dades bibliogràfiques
Autor principal: Fellows, Peter (Autor)
Format: Llibre
Idioma:espanyol
Publicat: Zaragoza Acribia 1994
Matèries:
Etiquetes: Afegir etiqueta
Sense etiquetes, Sigues el primer a etiquetar aquest registre!

MARC

LEADER 00000nam a2200000 a 4500
001 UCP3637
003 CL-VaPUC
008 990702e19940000SP |||||||||||||||||spa|d
082 0 4 |a 664  |b FEL  |2 21 
100 0 |a Fellows, Peter  |e author  |9 431014 
245 1 0 |a Tecnología del procesado de los alimentos: principios y prácticas 
300 |a 549 p 
942 |c BK 
945 |d 19990702 00:00:00  |a vberengu 
260 |a Zaragoza  |b Acribia  |c 1994 
650 0 |a Procesamiento de alimentos   |9 264607 
650 7 |a TECNOLOGIA DE ALIMENTOS  |2 CL-VaPUC  |9 431015 
650 7 |a ELABORACION DE ALIMENTOS  |2 CL-VaPUC  |9 352336 
650 0 |a Tratamiento térmico   |9 262650 
650 0 |a Envasado  |9 262168 
650 0 |a Fermentación  |9 259565 
583 |a last modification  |c 19990702 00:00:00  |k Rodrigo Vera 
999 |c 281900  |d 281898 
952 |0 0  |1 0  |4 0  |6 664_000000000000000_FEL_1994  |7 0  |8 A  |9 323025  |a BIBALI  |b BIBALI  |c RES  |d 2019-11-20  |i 3481964  |o 664 FEL 1994  |p 3481964  |r 2025-01-20  |w 2019-11-20  |y BK_R  |k ALI